Statistics for Countries

Click here to take the quiz!

General Stats

  • This quiz has been taken 5 times
  • The average score is 38 of 44

Answer Stats

Answer% Correct
Argentina
100%
Australia
100%
Belarus
100%
Belgium
100%
Bhutan
100%
Brazil
100%
Canada
100%
Croatia
100%
Estonia
100%
France
100%
Germany
100%
Greece
100%
Ireland
100%
Israel
100%
Italy
100%
Japan
100%
South Korea
100%
Spain
100%
Sweden
100%
Angola
80%
Armenia
80%
Bangladesh
80%
Barbados
80%
Belize
80%
Bosnia
80%
Botswana
80%
Brunei
80%
Bulgaria
80%
Burundi
80%
Cambodia
80%
China
80%
Comoros
80%
Costa Rica
80%
Guyana
80%
kosovo
80%
laos
80%
Malaysia
80%
Poland
80%
Benin
60%
Burkina Faso
60%
Colombia
60%
DRC
60%
Zimbabwe
60%
Northern Ireland
40%

Score Distribution

Percentile by Number Answered

Percent of People with Each Score

Your Score History

You have not taken this quiz